| 000 | 00381 a2200145 4500 | ||
|---|---|---|---|
| 020 | _a9789695191446 | ||
| 082 | _a891.5511 | ||
| 090 |
_c6057 _d6057 |
||
| 100 | _aLewis,Franklin D. | ||
| 245 |
_aRUMI _bPast and Present,East and West. _cFranklin D.Lewis. |
||
| 260 |
_aLahore. _bSuhail Academy. _c2007. |
||
| 300 | _a686p. | ||
| 500 | _aHardcover. | ||
| 942 |
_aNBS _cBK _k891.5511 LEW |
||
| 999 |
_c348445 _d348445 |
||